000 00774nas a2200265 4500
001 BR2015005223
003 BR-BrBNA
005 20231205125729.0
007 ta
008 230509b bl.|||p| |||| 00| 00por d
040 _aBR-BrBNA
_bpor
_cBiblioteca Nacional de Agricultura
041 _a(Pt)
072 _aP06
100 1 _aCollares, D.
100 1 _aChies, V.
245 1 _aCTBE desenvolve biorrefinaria virtual da cana-de-açúcar
650 _aCANA DE ACUCAR
650 _aREFINARIA
650 _aPROGRAMA DE COMPUTADOR
650 _aETANOL
650 _aTECNOLOGIA DA INFORMACAO
773 0 _tAgroenergia em Revista (Brazil)
_xISSN 2238-1023
_g(May 2012), v. 3(4) p. 10
_wBR2015005223
909 _a202311
_bLúcia
_c55
_dLúcia Elande
942 _2AGRIS
_n0
_cANA
999 _c245811
_d245811